000 00705nam a2200289Ia 4500
005 20260324124817.0
008 008 260324s9999 xx 000 0 eng d
020 _a9780203842034
037 _aEBOOK
040 _aCRL
040 _beng
040 _cCRL
041 _2eng
041 _aeng
084 _qCRL
100 _aCaroline M. Croser
_91175578
245 4 _aThe New Spatiality of Security
245 0 _bOperational Uncertainty and the US Military in Iraq
260 _bTaylor and Francis
260 _c2010
365 _a
365 _b240
856 _uhttp://www.taylorfrancis.com/books/9780203842034
942 _cEBOOK
999 _c1770309
_d1770309